000 00656nam a2200289Ia 4500
008 210210b2006 xxu||||| |||| 00| 0 eng d
020 _a8188934305
041 _aeng
082 _a720.954 RAJA
100 _aRAJARAJAN (R K K)
245 _aArt of the Vijayanagara Nayaks: architecture and iconography Vol 1
260 _aDelhi
_b-
_c2006
300 _axxxii,248
440 _a1
650 _aVol
650 _aVijayanagara
650 _athe
650 _aof
650 _aNayaks:
650 _aiconography
650 _aArt
650 _aarchitecture
650 _aand
650 _a1
690 _aArchitecture
906 _a062651
999 _c118032
_d118032